000 02413nam0a2200337 i 4500
001 RU\NLR\BIBL_A\011534262
005 20241103091439.0
010 _a9785696049076
_950
021 _aRU
_b2017-81331
_95804
035 _a(RuMoRGB)009440655
035 _a(NLR Aleph) 011534262
090 _a12160083
_c12160083
100 _a20171121d2017 km y0rusy50 ca
101 0 _arus
102 _aRU
105 _ay|||z|||100zy
200 1 _aПсихология в меняющемся мире: проблемы, гипотезы, исследования
_eсборник материалов международной студенческой научно-практической конференции
_fМинистерство образования и науки Российской Федерации, Южно-Уральский государственный университет, Институт социально-гуманитарных наук, Факультет психологии, Кафедра психологии развития и возрастного консультирования
_gпод редакцией Е. Л. Солдатовой [и др.]
210 _aЧелябинск
_cИздательский центр ЮУрГУ
_d2017
215 _a293, [1] с.
_cил., табл.
_d21
320 _aБиблиогр. в конце ст.
606 _aПсихология
_jСъезды, совещания и т.п
_9931820
_3RU\NLR\AUTH\6624683
686 _aЮ9я431(0)
_2rubbk
686 1 _aЮ9я431
702 1 _aСолдатова
_bЕ. Л.
_gЕлена Леонидовна
_4340
711 1 2 _a"Психология в меняющемся мире: проблемы, гипотезы, исследования", международная студенческая научно-практическая конференция
_eЧелябинск
_f2017
_9577715
_3RU\NLR\AUTH\880457276
712 0 2 _4570
_aЮжно-Уральский государственный университет
_bИнститут социально-гуманитарных наук
_bКафедра психологии развития и возрастного консультирования
_cЧелябинск
_9577722
_3RU\NLR\AUTH\880457279
942 _cBOOK
980 _aNBR